La Celestina : tragicomedia de Calisto y Melibea /

Guardado en:
Autor Principal: Rojas, Fernando de.
Otros Autores: Severin, Dorothy S.; ed.
Formato: Libro
Idioma:Undetermined
Publicado: Buenos Aires : Hyspamerica, 1983.
Edición:1a ed.
Series:Historia Universal de la Literatura ; 59
Materias:
Etiquetas: Agregar Etiqueta
Sin Etiquetas, Sea el primero en etiquetar este registro!
LEADER 00597nam a22001815a 4500
001 CEM.cems024453
008 250204s1983####ag############000#0#und#d
005 20250204171928.0
245 1 0 |a La Celestina :  |b tragicomedia de Calisto y Melibea /  |c Fernando de Rojas. 
250 |a 1a ed. 
260 |a Buenos Aires :  |b Hyspamerica,  |c 1983. 
300 |a 378 p. 
490 1 |a Historia Universal de la Literatura ;  |v 59 
020 |a 9506141193 
100 1 |a Rojas, Fernando de. 
700 1 |a Severin, Dorothy S.; ed. 
653 |a Literatura española 
859 |a CEMS  |b BIB. CEMS - 11 de abril  |h 862.2  |i R638a1  |p 29703.24  |t Ej.1